Profesional issues in Midwifery / (Record no. 13551)
[ view plain ]
| 000 -LEADER | |
|---|---|
| fixed length control field | 00598nam a22002057a 4500 |
| 003 - CONTROL NUMBER IDENTIFIER | |
| control field | OSt |
| 005 - DATE AND TIME OF LATEST TRANSACTION | |
| control field | 20140310182443.0 |
| 008 - FIXED-LENGTH DATA ELEMENTS--GENERAL INFORMATION | |
| fixed length control field | 130803t xxu||||| |||| 00| 0 eng d |
| 020 ## - INTERNATIONAL STANDARD BOOK NUMBER | |
| International Standard Book Number | 978076372836 |
| 050 ## - LIBRARY OF CONGRESS CALL NUMBER | |
| Classification number | RG 950 |
| Item number | .P76 2007 |
| 100 ## - MAIN ENTRY--PERSONAL NAME | |
| Personal name | Ament, Lynette A. |
| 9 (RLIN) | 9232 |
| 245 ## - TITLE STATEMENT | |
| Title | Profesional issues in Midwifery / |
| Statement of responsibility, etc | Lynette A Ament. |
| 260 ## - PUBLICATION, DISTRIBUTION, ETC. (IMPRINT) | |
| Place of publication, distribution, etc | Massachussetts : |
| Name of publisher, distributor, etc | J & B publishers |
| Date of publication, distribution, etc | c2007. |
| 300 ## - PHYSICAL DESCRIPTION | |
| Extent | 359 p. : |
| Other physical details | ill. ; |
| Dimensions | 25 cm. |
| 650 ## - SUBJECT ADDED ENTRY--TOPICAL TERM | |
| Topical term or geographic name as entry element | Midwifery |
| General subdivision | United states |
| 9 (RLIN) | 7474 |
| 650 ## - SUBJECT ADDED ENTRY--TOPICAL TERM | |
| Topical term or geographic name as entry element | Childbirth |
| General subdivision | United states |
| 9 (RLIN) | 7475 |
| 942 ## - ADDED ENTRY ELEMENTS (KOHA) | |
| Source of classification or shelving scheme | Library of Congress Classification |
| Koha item type | |
| Withdrawn status | Lost status | Source of classification or shelving scheme | Damaged status | Home library | Current library | Shelving location | Date acquired | Total Checkouts | Full call number | Barcode | Date last seen | Copy number | Price effective from | Koha item type |
|---|---|---|---|---|---|---|---|---|---|---|---|---|---|---|
| Library of Congress Classification | South SEED-LPDH College Library | South SEED-LPDH College Library | South SEED-LPDH College Section | 08/03/2013 | RG 950 .P76 2007 | SSLC0330 | 05/15/2018 | 1 | 08/03/2013 | Books | ||||
| Library of Congress Classification | South SEED-LPDH College Library | South SEED-LPDH College Library | South SEED-LPDH College Section | 08/03/2013 | RG 950 .P76 2007 | SSLC0329 | 05/15/2018 | 2 | 08/03/2013 | Books |